000 08884namaa22004571i 4500
003 EG-GICUC
005 20260406112905.0
008 260313s2025 ua a|||frm||| 000 0 eng d
040 _aEG-GICUC
_cEG-GICUC
_dEG-GICUC
_erda
_beng
041 0 _aeng
_beng
_bara
049 _aDeposit
082 0 4 _a636.0821
092 _a636.0821
_221
097 _aPh.D
099 _aCai01.16.03.Ph.D.2025.Mo.B
100 0 _aMostafa Abd- Ellatif Ragab Mousa Barakat,
_epreparation.
245 1 0 _aBiological studies on use of different levels and sources of dietary zinc on growth performance and immune response in growing rabbits in Egypt and Morocco /
_cby Mostafa Abd- Ellatif Ragab Mousa Barakat ; Supervisors Prof. Dr. Hassan Mohamed Sobhi, Prof. Dr. Mohamed Ahmed Fouad El-Manylawi, Dr. Sahar Hussein Abdalla Heikal, Dr.Moustafa Abdel Hamid Helal.
246 1 5 _aدراسات بيولوجية حول استخدام مستويات ومصادر مختلفة من الزنك الغذائي على أداء النمو والاستجابة المناعية في الأرانب النامية في مصر والمغرب
264 0 _c2025.
300 _a93 pages :
_billustrations ;
_c25 cm. +
_eCD.
336 _atext
_2rda content
337 _aUnmediated
_2rdamedia
338 _avolume
_2rdacarrier
502 _aThesis (Ph.D)-Cairo University, 2025.
504 _aBibliography: pages 76-93.
520 3 _aThis study evaluated the effects of different levels and sources of dietary nano-ZnO and organic zinc on growth performance, productivity, physiological parameters and antioxidant analysis in growing White New Zealand rabbits. Sixty weaned rabbits were randomly divided into five groups. The first group served as the control (C). and was fed a basal diet without supplementation with nano- or organic Zinc. The second and third groups were fed the basal diet supplemented with 10 and 20 mg/kg nano-zinc (Nano-Zn10 and Nano-Zn20)., respectively, while the fourth and fifth groups received 20 and 40 mg/kg organic zinc (OZn20 and OZn40). Results revealed that no significant differences in average body weight (AV.BW). and body weight gain (BWG). among the groups; however, the 20NZn, 20OZn, and 40OZn groups showed improved feed intake (FI). and feed conversion ratio (FCR). compared to the control and 10NZn groups. Carcass parameters, including percentages of carcass, heart, liver, spleen and head were not significantly affected by treatments. Digestibility of crude fiber (CF %). was highest in the 10NZn group. Regarding biochemical blood parameters, total protein levels were higher in the 10NZn (7.30 g/dl). and 20OZn (7.00 g/dl). groups compared to control, while the lowest value was observed in the 40OZn group (5.17 g/dl). Globulin values improved in the 10NZn, 20NZn, and 20OZn groups, with the lowest in 40OZn (2.63 g/dl). In lipid profile, triglycerides were lowest in the 20NZn group (53.73 mg/l). and highest in the 40OZn group (82.73 mg/l). Additionally, the 40OZn group had elevated urea, creatinine, ALT and AST levels compared to the 10NZn group. Antioxidant enzyme GPx levels were significantly higher in the control, 10NZn, and 20NZn groups compared to the other treatments. MDA levels were lowest in the control, 10NZn, and 20OZn groups. In terms of immune response, 10NZn and 20OZn recorded the highest IgG and IgM values, while the lowest were in the 40OZn group. Bacterial count was highest in the 20OZn group and with the control group exhibiting intermediate values. Nano zinc supplementation induced overexpression of the IGF-1 gene, with the highest expression observed in the 10NZn group, whereas organic zinc at 40 mg/kg significantly reduced IGF-1 expression.
520 3 _aقامت هذه الدراسة بتقييم تأثيرات مستويات ومصادر مختلفة من أكسيد الزنك النانوي الغذائي والزنك العضوي على أداء النمو والإنتاجية والمعايير الفسيولوجية وحالة مضادات الأكسدة في أرانب نيوزيلندا النامية. تم تقسيم ستين أرنبًا مفطومًا بشكل عشوائي إلى خمس مجموعات. عملت المجموعة الأولى كمجموعة تحكم (C). وتم تغذيتها على نظام غذائي أساسي بدون مكملات. تم تغذية المجموعتين الثانية والثالثة على النظام الغذائي الأساسي المضاف إليه 10 و 20 مجم / كجم من الزنك النانوي (Nano-Zn10 و Nano-Zn20). على التوالي، بينما تلقت المجموعتان الرابعة والخامسة 20 و 40 مجم / كجم من الزنك العضوي (OZn20 و OZn40). كشفت النتائج عن عدم وجود فروق كبيرة في متوسط وزن الجسم (AV.BW). وزيادة وزن الجسم (BWG). بين المجموعات؛ ومع ذلك، أظهرت مجموعات 20NZn و 20OZn و 40OZn تحسنًا في تناول العلف (FI). ونسبة تحويل العلف (FCR). مقارنة بمجموعتي التحكم و 10NZn. لم تتأثر معايير الذبيحة، بما في ذلك نسب الذبيحة والقلب والكبد والطحال والرأس، بشكل كبير بالمعالجات. كانت قابلية هضم الألياف الخام (CF%). أعلى في مجموعة 10NZn. فيما يتعلق بالمعايير الكيميائية الحيوية، كانت مستويات البروتين الكلي أعلى في مجموعتي 10NZn (7.30 جم / ديسيلتر). و 20OZn (7.00 جم / ديسيلتر). مقارنة بالمجموعة الضابطة، بينما لوحظت أقل قيمة في مجموعة 40OZn (5.17 جم / ديسيلتر). تحسنت قيم الجلوبيولين في مجموعات 10NZn و 20NZn و 20OZn، مع أدنى مستوى في 40OZn (2.63 جم / ديسيلتر). في ملف الدهون، كانت الدهون الثلاثية أقل في مجموعة 20NZn (53.73 مجم / لتر). وأعلى في مجموعة 40OZn (82.73 مجم / لتر). بالإضافة إلى ذلك، أظهرت مجموعة 40OZn مستويات مرتفعة من اليوريا والكرياتينين وALT وAST مقارنة بمجموعة 10NZn، على الرغم من أن جميع القيم ظلت ضمن النطاقات الطبيعية. كانت مستويات إنزيم مضادات الأكسدة GPx أعلى بشكل ملحوظ في مجموعات التحكم و10NZn و20NZn مقارنة بالعلاجات الأخرى. كانت مستويات MDA هي الأدنى في مجموعات التحكم و10NZn و20OZn. من حيث الاستجابة المناعية، سجلت 10NZn و20OZn أعلى قيم IgG وIgM، بينما كانت الأدنى في مجموعة 40OZn. كان عدد البكتيريا أعلى في مجموعة 20OZn وانخفض في مجموعات أخرى، مع إظهار مجموعة التحكم لقيم متوسطة. تسبب مكملات الزنك النانوية في الإفراط في التعبير عن جين IGF-1، مع أعلى تعبير لوحظ في مجموعة 10NZn، في حين أن الزنك العضوي بجرعة 40 مجم / كجم قلل بشكل كبير من تعبير IGF-1. الاستنتاج في ظل ظروف هذه الدراسة، يمكن الاستنتاج أن الزنك، كمضاف غذائي، يمكن تضمينه بكميات صغيرة في النظام الغذائي للأرانب النامية لتحسين الاستفادة من العناصر الغذائية وأداء النمو وكفاءة الإنتاج. وقد أنتج التكميل بـ 20NZn أفضل النتائج في الاستجابة المناعية والمعايير الكيميائية الحيوية وعدد البكتيريا.
530 _aIssues also as CD.
546 _aText in English and abstract in Arabic & English.
650 0 _aAnimal Resources
650 0 _aالموارد الحيوانية
653 1 _aWhite New Zealand rabbits
_aNano zinc (NZn)
_aOrganic zinc (OZn)
_aGrowth performance
_aAntioxidant
_aImmune response
_aGene expression
_aالأرانب النيوزيلندية
_aأداء النمو
700 0 _aHassan Mohamed Sobhi
_ethesis advisor.
700 0 _aMohamed Ahmed Fouad El-Manylawi
_ethesis advisor.
700 0 _aSahar Hussein Abdalla Heikal
_ethesis advisor.
700 0 _aMoustafa Abdel Hamid Helal
_ethesis advisor.
900 _b01-01-2025
_cHassan Mohamed Sobhi
_cMohamed Ahmed Fouad El-Manylawi
_cSahar Hussein Abdalla Heikal
_cMoustafa Abdel Hamid Helal
_UCairo University
_FFaculty of African Postgraduate Studies
_DDepartment of Natural Resources
905 _aShimaa
_eEman Ghareb
942 _2ddc
_cTH
_e21
_n0
999 _c179003